PHARMACOLOGY PRACTICE FOR TECHNICIANS (Record no. 33204)

000 -LEADER
fixed length control field 00335nam a2200145Ia 4500
008 - FIXED-LENGTH DATA ELEMENTS--GENERAL INFORMATION
fixed length control field 210215s9999 xx 000 0 und d
020 ## - INTERNATIONAL STANDARD BOOK NUMBER
International Standard Book Number 8122416462
082 ## - DEWEY DECIMAL CLASSIFICATION NUMBER
Classification number 615.5
Item number BAL-P
100 ## - MAIN ENTRY--PERSONAL NAME
Personal name BALLINGTON DON -A
245 #0 - TITLE STATEMENT
Title PHARMACOLOGY PRACTICE FOR TECHNICIANS
250 ## - EDITION STATEMENT
Edition statement 2ND
260 ## - PUBLICATION, DISTRIBUTION, ETC.
Name of publisher, distributor, etc. NEW AGE
300 ## - PHYSICAL DESCRIPTION
Extent 482
942 ## - ADDED ENTRY ELEMENTS (KOHA)
Koha item type Book
Holdings
Withdrawn status Lost status Damaged status Not for loan Collection code Permanent Location Current Location Shelving location Date acquired Cost, normal purchase price Total Checkouts Total Renewals Full call number Barcode Date last seen Date last checked out Price effective from Koha item type
          Maharishi School of Pharmaceutical Science (Lucknow) Maharishi School of Pharmaceutical Science (Lucknow) R10S1 2021-02-15 295.00 2 1 615.1 BAL-P SOPH916 2024-12-19 2024-12-11 2021-02-15 Book

All Rights Reserved@MUIT

Powered by Koha